00971nam a2200217 a 4500008004100000020002300041050001800064245005500082260004800137300003500185440005700220500025500277504004100532650005000573700002300623710003400646710004600680003000100726005001700727040000900744  a047195425X (cased)0 aTP248.E5bW5610aEnzyme engineering /cedited by Lemuel B. Wingard. aNew York :bInterscience Publishers,c1972. axiii, 415 p. :bill. ;c23 cm. 0aBiotechnology and bioengineering symposium ;vno. 3. a"Papers in part from the Engineering Foundation conference on "enzyme engineering," August 9-13, 1971, Henniker, New Hampshire, and the 64th annual meeting of the American Institute of Chemical Engineers, December 1, 1971, San Francisco, California." aIncludes bibliographical references. 0aEnzymesxIndustrial applicationsxCongresses. aWingard, Lemuel B.20aEngineering Foundation (U.S.)20aAmerican Institute of Chemical Engineers.20230123133637.0 cNUST